00720nam a2200217Ia 4500003000900000008004100009020001800050040001600068080001500084100002800099245006500127250001200192260003400204300001600238490003900254650004100293650002600334942000700360999001500367952012000382IN-BaIIA211028s9999 xx 000 0 eng d a3-540-96575-0 cIIA Library a52-77bGAL aVerschuur, G. L.915861 0aGalactic and extra galactic radio astronomycG. L. Verschuur a2nd ed. aBerlinbSpringer-Verlagc1988 axxii, 694p. aAstronomy and astrophysics library aAstronomy and astrophysics thesaurus aRadio astronomy92849 cBK c9423d9423 00104070aBANbBANcGENd0000-00-00g1332.00l0o52-77/ GALp10333r2021-11-05v1332.00w0000-00-00yBKGRs. 1332